000 01626cam a22004574i 4500
003 PE-LiUPU
005 20250731173141.0
008 150623s1977 tnua r 000 0 eng d
020 _a0687019249
035 _a(Sirsi) i9780687019243
040 _aPE-LiUPU
_bspa
_cPE-LiUPU
_erda
049 _aPRUA
082 0 4 _a268.07
_bR83
_221
100 1 _aRood, Wayne R.,
_eautor.
245 1 4 _aThe art of teaching christianity :
_benabling the loving revolution /
_cWayne R. Rood.
264 1 _aNashville, TN :
_bAbingdon Press,
_c1977.
300 _a224 páginas :
_bilustraciones ;
_c20 centímetros
336 _atext
_2rdacontent
337 _aunmediated
_2rdamedia
338 _avolume
_2rdacarrier
505 0 _aThinking about teaching -- Preparing for teaching -- Teaching a class -- After teahing a class -- Teaching with a vision.
526 _aSEG42
526 _aSEG41
526 _aSEG40
526 _aSEG39
526 _aP94
526 _aP87
526 _aP86
526 _aP85
526 _aP77
526 _aP76
526 _aP35
650 1 4 _aCristianismo y cultura
_xHistoria.
650 2 4 _aCristianismo
_xEnseñanza.
_95824
942 _2ddc
_cBOOK
949 _a268.07 R83
_wDEWEY
_c1
_i52647
_lCCODEBUL1
_mBUL
_p5.00
_r0
_sY
_tBOOK
_u2015-6-24
_xTEOLOGIA
_PP35
_0COMPRA
_o.STAFF. Colección General
994 _aC0
_bPEPRU
596 _a1
999 _a268.07 R83
_wDEWEY
_c34500
_i52647
_f2021-11-10
_g5
_lCCODEBUL1
_mBUL
_p5.00
_r0
_sY
_tBOOK
_u2015-6-24
_xTEOLOGIA
_PP35
_0COMPRA
_o.STAFF. Colección General
_d34500
980 _81
_gALBERTO SANCHEZ Responsable de Automatización